| 000 | 00470nam a22001217a 4500 | ||
|---|---|---|---|
| 008 | 230612b xxu||||| |||| 00| 0 eng d | ||
| 082 |
_a352.4905 _bKEN |
||
| 245 |
_aThe Report of The Controller and Auditor-General together with The Appropriation Accounts Other Public Accounts and the Accounts of the Funds for the Year 2006/2007 _cGovernment of Kenya |
||
| 260 |
_aKenya _bGovernment of Kenya _c2007 |
||
| 300 | _a665 p | ||
| 710 | _bGovernment of Kenya | ||
| 942 |
_2ddc _cBK |
||
| 999 |
_c1095 _d1095 |
||